Central Library OPAC University of Rajshahi
Normal view MARC view

Entry Topical Term

Number of records used in: 2

001 - CONTROL NUMBER

  • control field: 11310

003 - CONTROL NUMBER IDENTIFIER

  • control field: BD-RjUL

005 - DATE AND TIME OF LATEST TRANSACTION

  • control field: 20240131112949.0

008 - FIXED-LENGTH DATA ELEMENTS

  • fixed length control field: 240131|| aca||aabn | a|a d

040 ## - CATALOGING SOURCE

  • Original cataloging agency: BD-RjUL
  • Transcribing agency: BD-RjUL

150 ## - HEADING--TOPICAL TERM

  • Topical term or geographic name entry element: Roman juif

670 ## - SOURCE DATA FOUND

  • Source citation: Work cat.: (BD-RjUL)82882: Sheppard, Elizabeth Sara 11308, Charles Auchester /, 1911, [reprinted 1928]